01218nam a22003134a 4500001001200000003000800012006001900020007001500039008004100054010001700095020001500112020001800127040002100145035002100166050002900187082001800216245013500234260005900369300001900428504005300447533015200500650001500652650001800667655002900685700002400714700002300738710001700761856012600778ebr10255475CaPaEBRm u cr cn|||||||||080716s2008 si a sb 001 0 eng c z 2008275072 z9812771964 z9789812771964 aCaPaEBRcCaPaEBR a(OCoLC)56063590514aQC793.5.N42bN465 2008eb04a539.7/21522200aNeutrino oscillationsh[electronic resource] :bpresent status and future plans /ceditors, Jennifer A. Thomas, Patricia L. Vahle. a[Singapore] ;aNew Jersey :bWorld Scientific,cc2008. a265 p. :bill. aIncludes bibliographical references and indexes. aElectronic reproduction.bPalo Alto, Calif. :cebrary,d2013.nAvailable via World Wide Web.nAccess may be limited to ebrary affiliated libraries. 0aNeutrinos. 0aOscillations. 7aElectronic books.2local1 aThomas, Jennifer A.1 aVahle, Patricia L.2 aebrary, Inc.40uhttp://site.ebrary.com/lib/rucke/Doc?id=10255475zAn electronic book accessible through the World Wide Web; click to view